|
|
|
|
| LEADER |
00000nab a2200000 ar4500 |
| 001 |
vtls009165337 |
| 003 |
SK-MaSNL |
| 005 |
20260303063454.0 |
| 008 |
071205c2007 xo wr|p|||||||000 b|slo |
| 038 |
|
|
|a PPPK
|
| 040 |
|
|
|a PPPKCL
|b slo
|c PPPKCL
|e AACR2
|
| 041 |
0 |
|
|a slo
|
| 044 |
|
|
|a xo
|c SK
|
| 080 |
|
|
|a 799.322-056.26
|2 2001
|
| 245 |
0 |
0 |
|a Kaščák majstrom republiky
|c [autor] (vm)
|
| 300 |
|
|
|b Fotogr.
|
| 600 |
1 |
7 |
|a Kaščák, Peter
|2 pppkcl
|9 1041135
|
| 611 |
2 |
7 |
|a Majstrovstvá Slovenska telesne postihnutých športovcov v terčovej lukostreľbe
|n (15. :
|d 2007 :
|c Kežmarok, Slovensko)
|2 pppkcl
|9 1060709
|
| 648 |
|
7 |
|a 2007
|2 pppkcl
|9 313226
|
| 650 |
0 |
7 |
|a lukostreľba
|2 pppkcl
|9 20493
|
| 651 |
|
7 |
|a Kežmarok (Slovensko)
|2 pppkcl
|9 26808
|
| 773 |
0 |
|
|t Podtatranské noviny
|g Roč. XLVIII, č. 28 (2007), s. 8
|
| 852 |
|
|
|a PPPK
|b KIS3GCP
|
| 999 |
|
|
|c 1743211
|d 1745141
|